20 Biggest Cities in Massachusetts - Statistics

General Stats
  • This quiz has been taken 54 times
  • The average score is 13 of 20
Answer Stats
Hint Answer % Correct
654,423 Boston
100%
209,566 Worcester
93%
153,337 Springfield
90%
119,008 Cambridge
88%
101,603 Lynn
80%
114,401 Lowell
76%
101,380 Quincy
76%
104,889 Brockton
71%
94,044 Fall River
71%
100,757 New Bedford
71%
88,398 Lawrence
59%
80,636 Somerville
59%
88,978 Newton
51%
71,994 Framingham
49%
67,681 Haverhill
49%
65,197 Malden
41%
60,941 Taunton
37%
64,581 Waltham
37%
63,373 Brookline
32%
66,537 Plymouth
27%
No matching quizzes found
Score Distribution
Percent of People with Each Score
Percentile by Number Answered
Your Score History
You have not taken this quiz